000 00838cab a2200229 4500
001 ABS68692
008 050221n2005 000 0 eng u
035 _a(Sirsi) u128850
100 _aSoltani, S.
245 _aVive La France!
260 _c2005
490 _aBuilding
_v270(8365) 21 January 2005, 38-55(14)
520 _aSummarises "Building's" roundup of the 300 biggest European contractors in 2004 which reveals that French firms Vinci and Bouygues are now at the top. Includes tables of the top companies with details of their rankings in 2003, their turnover in 2003/2004 and the percentage of their foreign turnover.
590 _aABS
650 _aEUROPE
650 _aFRANCE
650 _aRANKINGS
650 _aBUILDING CONTRACTORS
650 _aCONSTRUCTION FIRMS
690 _aBUILT ENVIRONMENT
942 _n0
999 _c74818
_d74818